000
00236nam a22001097a 4500
041
_a
eng
080
_a
80
100
_a
Close, R. A.
245
_a
A Reference Grammar for Students of English
650
_a
English Grammar
999
_c
279863
_d
279863
942
_c
BK